| 000 | 00704nam a2200241 i 4500 | ||
|---|---|---|---|
| 003 | DO-SdBNP | ||
| 005 | 20251113082007.0 | ||
| 007 | ta | ||
| 008 | 251113e2004 dr ad||grf|||s001 0 spa d | ||
| 040 |
_aDO-SdBNP _bspa _cBNPHU _erda |
||
| 041 | _aspa | ||
| 082 | 4 |
_axxx _bM294o _222 |
|
| 110 | 2 |
_aRepública Dominicana. _bSuperintendencia de Bancos _985000 |
|
| 245 | 0 | 0 | _aManual de organización y funciones |
| 264 |
_aSanto Domingo : _bSuperintendencia de Bancos, _c2004 |
||
| 300 |
_a60 páginas : _c22 cm. |
||
| 336 |
_ardacontent _btexto _2txt |
||
| 337 |
_ardamedia _bsin mediación _2n |
||
| 338 |
_ardacarrier _bvolumen _2nc |
||
| 590 | _aInventariado, 2025/DG | ||
| 910 | _aDG | ||
| 942 |
_2ddc _cLBS1 |
||
| 999 |
_c60032 _d60032 |
||